[Event "Piestany Slovakia op"]
[Site "Piestany"]
[Date "2021.07.13"]
[Round "4"]
[White "Janik, Marek Tobias"]
[Black "Ferkova, Dominika"]
[Result "1-0"]
[WhiteElo "1776"]
[BlackElo "2002"]
[PlyCount "83"]
[EventDate "2021.07.10"]
[EventType "swiss"]
[EventRounds "9"]
[EventCountry "SVK"]
[SourceTitle "CBM 203 Extra"]
[Source "ChessBase"]
[SourceDate "2021.09.30"]
[SourceVersion "1"]
[SourceVersionDate "2021.09.30"]
[SourceQuality "1"]

1. c4 e5 2. Nc3 Nf6 3. g3 d5 4. cxd5 Nxd5 5. Bg2 Nb6 6. e3 Be7 7. Nge2 0-0 8. 0-0 c6 9. f4 exf4 10. Nxf4 N8d7 11. b3 Ne5 12. d4 Bg4 13. Qd2 Ng6 14. Bb2 Nxf4 15. Rxf4 Qd7 16. Raf1 Bg5 17. R4f2 Rfe8 18. Ne4 Bh6 19. Rxf7 Qe6 20. R7f6 gxf6 21. Rxf6 Qd5 22. Rxh6 Rxe4 23. Rh4 Bf5 24. Qe2 Rae8 25. Qh5 Qf7 26. Qg5+ Qg6 27. Qxg6+ hxg6 28. Bxe4 Rxe4 29. Rxe4 Bxe4 30. Kf2 Nd5 31. a3 g5 32. h4 g4 33. Bc1 Bf3 34. Bd2 Nf6 35. Be1 Ne4+ 36. Kf1 Kf7 37. Kg1 Bd1 38. b4 Ke6 39. Kf1 Kd5 40. Kg1 Nf2 41. Kxf2 Be2 42. Kxe2 1-0

[Event "Piestany Slovakia op"]
[Site "Piestany"]
[Date "2021.07.10"]
[Round "1"]
[White "Ferkova, Dominika"]
[Black "Bochnickova, Simona"]
[Result "1-0"]
[WhiteElo "2002"]
[BlackElo "1602"]
[PlyCount "95"]
[EventDate "2021.07.10"]
[EventType "swiss"]
[EventRounds "9"]
[EventCountry "SVK"]
[SourceTitle "CBM 203 Extra"]
[Source "ChessBase"]
[SourceDate "2021.09.30"]
[SourceVersion "1"]
[SourceVersionDate "2021.09.30"]
[SourceQuality "1"]

1. d4 d5 2. c4 e6 3. Nc3 Nf6 4. Nf3 Be7 5. e3 0-0 6. Bd3 dxc4 7. Bxc4 a6 8. 0-0 b5 9. Bd3 Nbd7 10. Qe2 c5 11. Rd1 Qb6 12. Bc2 Bb7 13. e4 cxd4 14. Nxd4 Ne5 15. Bf4 Ng6 16. Be3 Bc5 17. f3 Ne5 18. Bb3 Rfd8 19. Nc2 Rac8 20. Bxc5 Qxc5+ 21. Qe3 Qxe3+ 22. Nxe3 Nd3 23. Rab1 Rd7 24. Ne2 Rcd8 25. Bc2 Nb4 26. Rxd7 Rxd7 27. Bb3 Kf8 28. Rd1 Nd3 29. Rb1 Ke7 30. a3 Nc5 31. Bc2 Rd2 32. Kf1 Nfd7 33. b4 Na4 34. Bxa4 bxa4 35. Rc1 Rd3 36. Nc4 Bc6 37. Nb2 Rd6 38. Nc4 Rd3 39. Nb2 Rd6 40. Nc3 Bb5+ 41. Nxb5 axb5 42. Ke2 f5 43. Nd3 fxe4 44. fxe4 e5 45. Rc7 Rd4 46. Ke3 Ke6 47. Rb7 Rc4 48. Rxd7 1-0

[Event "Mitropa Cup Online (Women)"]
[Site "Tornelo INT"]
[Date "2021.05.11"]
[Round "8.3"]
[White "Heinatz, Gundula"]
[Black "Ferkova, Dominika"]
[Result "1/2-1/2"]
[WhiteElo "2131"]
[BlackElo "2006"]
[PlyCount "115"]
[EventDate "2021.05.04"]
[EventType "team-tourn"]
[EventRounds "9"]
[EventCountry "SUI"]
[SourceTitle "CBM 202 Extra"]
[Source "ChessBase"]
[SourceDate "2021.07.31"]
[SourceVersion "1"]
[SourceVersionDate "2021.07.31"]
[SourceQuality "1"]
[WhiteTeam "Switzerland (W)"]
[BlackTeam "Slovakia (W)"]
[WhiteTeamCountry "SUI"]
[BlackTeamCountry "SVK"]

1. d4 d5 2. Nf3 Nf6 3. c3 e6 4. Bg5 Be7 5. e3 Nbd7 6. Nbd2 0-0 7. Bd3 c5 8. 0-0 b6 9. Qe2 Bb7 10. Rad1 Qc7 11. Rfe1 h6 12. Bh4 Rfe8 13. c4 e5 14. Nxe5 Nxe5 15. dxe5 Qxe5 16. Bg3 Qe6 17. b3 a6 18. a4 Bd6 19. cxd5 Nxd5 20. Bc4 Bxg3 21. hxg3 Qc6 22. e4 Nc3 23. Bxf7+ Kxf7 24. Qc4+ Nd5 25. Nf3 b5 26. exd5 Rxe1+ 27. Rxe1 Qxd5 28. axb5 Qxc4 29. bxc4 Bxf3 30. gxf3 axb5 31. cxb5 Rb8 32. Rb1 Ke6 33. Kf1 Kd5 34. Ke2 Kc4 35. b6 Kd5 36. Kd3 Kc6 37. Kc4 Rxb6 38. Re1 Rb4+ 39. Kc3 Kd6 40. f4 Ra4 41. Re2 Ra1 42. Rd2+ Kc6 43. Rd8 Rc1+ 44. Kd2 Ra1 45. Rg8 Ra7 46. Kc3 Kd5 47. Rd8+ Ke4 48. Rd2 Kf3 49. Kc4 Rc7 50. Ra2 h5 51. Rb2 h4 52. gxh4 Kxf4 53. Rb1 Kf3 54. Rg1 Kxf2 55. Rg6 Kf3 56. h5 Kf4 57. h6 gxh6 58. Rxh6 1/2-1/2

[Event "Mitropa Cup Online (Women)"]
[Site "Tornelo INT"]
[Date "2021.05.04"]
[Round "1.2"]
[White "Ferkova, Dominika"]
[Black "Hrescak, Ivana"]
[Result "1-0"]
[WhiteElo "2006"]
[BlackElo "2157"]
[PlyCount "161"]
[EventDate "2021.05.04"]
[EventType "team-tourn"]
[EventRounds "9"]
[EventCountry "SUI"]
[SourceTitle "CBM 202 Extra"]
[Source "ChessBase"]
[SourceDate "2021.07.31"]
[SourceVersion "1"]
[SourceVersionDate "2021.07.31"]
[SourceQuality "1"]
[WhiteTeam "Slovakia (W)"]
[BlackTeam "Slovenia (W)"]
[WhiteTeamCountry "SVK"]
[BlackTeamCountry "SLO"]

1. d4 Nf6 2. c4 g6 3. Nc3 Bg7 4. e4 d6 5. f3 0-0 6. Be3 c5 7. Nge2 Qa5 8. Qd2 Nc6 9. d5 Ne5 10. Nc1 a6 11. Be2 Rb8 12. a4 Rd8 13. h3 Nh5 14. Kf2 Nf6 15. N1a2 Qc7 16. f4 Ned7 17. g4 Nf8 18. g5 Ne8 19. Bd3 e6 20. h4 Qe7 21. Rae1 Nc7 22. f5 exf5 23. exf5 Bxf5 24. Bxf5 gxf5 25. Bxc5 Qd7 26. Bd4 Bxd4+ 27. Qxd4 Ng6 28. Nb4 Re8 29. h5 Ne5 30. Nd3 Nxd3+ 31. Qxd3 Rxe1 32. Rxe1 Re8 33. Rxe8+ Nxe8 34. b3 f6 35. Qg3 Qg7 36. gxf6 Nxf6 37. Qxg7+ Kxg7 38. b4 b6 39. Kf3 Nd7 40. Kf4 Kf6 41. Nd1 Ne5 42. Nb2 a5 43. bxa5 bxa5 44. h6 Nd7 45. Nd1 Nb6 46. Ne3 Kg6 47. c5 dxc5 48. Ke5 Kg5 49. d6 f4 50. Nd5 Nc4+ 51. Ke6 Nxd6 52. Kxd6 c4 53. Ke5 f3 54. Ne3 c3 55. Ke4 f2 56. Kd3 Kxh6 57. Kxc3 Kg5 58. Kd2 Kf4 59. Ke2 Ke4 60. Nc4 Kd4 61. Nxa5 Kc5 62. Nb3+ Kb4 63. a5 Kb5 64. Kxf2 Ka6 65. Kg3 Kb5 66. Kh4 Kc6 67. Kh5 Kc7 68. Kh6 Kc6 69. Kxh7 Kc7 70. Kg6 Kc6 71. Kf5 Kb5 72. Kf6 Kc6 73. Ke6 Kc7 74. Kd5 Kb7 75. Kd6 Ka6 76. Kc6 Ka7 77. Nc5 Kb8 78. Kb6 Ka8 79. Ne6 Kb8 80. Nc7 Kc8 81. a6 1-0

[Event "Wch FIDE Online U18 Girls Europe qual"]
[Site "Tornelo INT"]
[Date "2020.12.09"]
[Round "6"]
[White "Ferkova, Dominika"]
[Black "Jarocka, Liwia"]
[Result "1/2-1/2"]
[WhiteElo "1857"]
[BlackElo "1918"]
[PlyCount "131"]
[EventDate "2020.12.07"]
[EventType "swiss (rapid)"]
[EventRounds "7"]
[EventCountry "ISS"]
[SourceTitle "EXT 2022"]
[Source "ChessBase"]
[SourceDate "2021.10.06"]
[SourceVersion "1"]
[SourceVersionDate "2021.10.06"]
[SourceQuality "1"]

1. d4 Nf6 2. c4 e6 3. Nc3 Bb4 4. e3 0-0 5. Bd3 d5 6. Nf3 c5 7. 0-0 dxc4 8. Bxc4 cxd4 9. exd4 b6 10. Bg5 Bb7 11. Re1 Nbd7 12. Rc1 Rc8 13. Be2 Re8 14. Qb3 Bxc3 15. bxc3 Qc7 16. c4 h6 17. Bh4 Ne4 18. Bd3 Ndf6 19. Qc2 g5 20. Bg3 Nxg3 21. hxg3 Red8 22. Qc3 Qd6 23. Bb1 g4 24. d5 exd5 25. Nh4 Rxc4 26. Qe3 Rxc1 27. Rxc1 d4 28. Qxh6 Ne4 29. Qh5 d3 30. Nf5 Qf6 31. Qxg4+ Kf8 32. Rc7 d2 33. Bc2 Bd5 34. Bd1 Be6 35. Qxe4 Bxf5 36. Qb4+ Kg8 37. Qf4 Qd6 38. Qg5+ Bg6 39. Rc3 Re8 40. Re3 Rxe3 41. Qxe3 Kg7 42. Qc3+ Kh7 43. Qe3 Qd5 44. Qe2 Qxa2 45. Qe3 Qb2 46. Qe2 Qc1 47. Kh2 Kg7 48. f4 Qc3 49. g4 Qd3 50. Qe5+ Kg8 51. Qe8+ Kg7 52. Qe5+ Kg8 53. Qe8+ Kh7 54. Qe5 Qf1 55. f5 Qxd1 56. fxg6+ Kxg6 57. Qf5+ Kg7 58. Qg5+ Kf8 59. Qd8+ Kg7 60. Qg5+ Kh7 61. Qh5+ Kg8 62. Qg5+ Kh8 63. Qh6+ Kg8 64. Qg5+ Kf8 65. Qd8+ Kg7 66. Qg5+ 1/2-1/2

[Event "Titled Tuesday intern op 20th Oct"]
[Site "Chess.com INT"]
[Date "2020.10.20"]
[Round "7"]
[White "Cagara, Paulina"]
[Black "Ferkova, Dominika"]
[Result "1-0"]
[WhiteElo "2027"]
[BlackElo "1988"]
[PlyCount "87"]
[EventDate "2020.10.20"]
[EventType "swiss (blitz)"]
[EventRounds "11"]
[EventCountry "USA"]
[SourceTitle "EXT 2022"]
[Source "ChessBase"]
[SourceDate "2021.10.06"]
[SourceVersion "1"]
[SourceVersionDate "2021.10.06"]
[SourceQuality "1"]

1. e4 e5 2. Nf3 d6 3. Bc4 c5 4. c3 Nc6 5. d4 cxd4 6. cxd4 exd4 7. Nxd4 Nf6 8. Nc3 Be7 9. 0-0 0-0 10. Nf5 Be6 11. Nxe7+ Qxe7 12. Nd5 Bxd5 13. exd5 Ne5 14. Bb3 Rac8 15. Bg5 h6 16. Bh4 g5 17. Bg3 Ng6 18. Re1 Qd7 19. Qf3 Kg7 20. Re3 Rfe8 21. h3 Rxe3 22. Qxe3 b6 23. Rc1 Rc5 24. Rc3 Nxd5 25. Qd4+ Nf6 26. Qxd6 Qf5 27. Rf3 Qb1+ 28. Kh2 Rf5 29. Rc3 Nf4 30. Rc7 N6h5 31. Qd4+ Kg6 32. Bc2 Qf1 33. Bxf5+ Kxf5 34. Bxf4 Nxf4 35. Rxf7+ Kg6 36. Rxf4 gxf4 37. Qxf4 Qb1 38. b4 Qxa2 39. Qd6+ Kg7 40. Qe7+ Kg6 41. Qe8+ Kg7 42. Qe5+ Kg6 43. f4 Qc4 44. f5+ 1-0

[Event "Titled Tuesday intern op 20th Oct"]
[Site "Chess.com INT"]
[Date "2020.10.20"]
[Round "8"]
[White "Ferkova, Dominika"]
[Black "Stead, Kerry"]
[Result "1-0"]
[WhiteElo "1988"]
[BlackElo "1978"]
[PlyCount "49"]
[EventDate "2020.10.20"]
[EventType "swiss (blitz)"]
[EventRounds "11"]
[EventCountry "USA"]
[SourceTitle "EXT 2022"]
[Source "ChessBase"]
[SourceDate "2021.10.06"]
[SourceVersion "1"]
[SourceVersionDate "2021.10.06"]
[SourceQuality "1"]

1. e4 e5 2. c4 c6 3. Nc3 Bb4 4. Qb3 Bxc3 5. bxc3 Nf6 6. d3 Na6 7. Be3 Qe7 8. Be2 Rb8 9. a4 Nc5 10. Qc2 d5 11. cxd5 cxd5 12. f3 Be6 13. Nh3 h6 14. Nf2 0-0 15. 0-0 b6 16. d4 exd4 17. cxd4 Ncxe4 18. fxe4 dxe4 19. Nxe4 Nd5 20. Bd2 Rbc8 21. Qd3 Rfd8 22. Rac1 Rxc1 23. Rxc1 Qh4 24. g3 Qh3 25. Qf3 1-0

[Event "Titled Tuesday intern op 06th Oct"]
[Site "Chess.com INT"]
[Date "2020.10.06"]
[Round "1"]
[White "Ferkova, Dominika"]
[Black "Dhulipalla, Bala Chandra Prasad"]
[Result "0-1"]
[WhiteElo "1988"]
[BlackElo "2441"]
[PlyCount "66"]
[EventDate "2020.10.06"]
[EventType "swiss (blitz)"]
[EventRounds "10"]
[EventCountry "USA"]
[SourceTitle "CBM 198 Extra"]
[Source "ChessBase"]
[SourceDate "2020.11.30"]
[SourceVersion "1"]
[SourceVersionDate "2020.11.30"]
[SourceQuality "1"]

1. d4 Nc6 2. Bf4 Nf6 3. e3 g6 4. Bd3 Bg7 5. h4 d6 6. Nf3 Bg4 7. Qd2 0-0 8. Nh2 Bd7 9. c3 e5 10. Bg3 Re8 11. 0-0 Nh5 12. Qc2 Qe7 13. Nd2 exd4 14. exd4 Nxg3 15. fxg3 Qe3+ 16. Kh1 Qxg3 17. Nhf3 Ne7 18. Ne4 Qg4 19. Nf2 Qf4 20. Ne4 Nf5 21. Qf2 Rxe4 22. Bxe4 Ng3+ 23. Kg1 Nxf1 24. Bxb7 Rb8 25. Bd5 Ng3 26. Re1 c6 27. Bb3 d5 28. Ng5 Qxf2+ 29. Kxf2 Nf5 30. g3 h6 31. Nf3 Nd6 32. Ne5 Be8 33. Ba4 Rxb2+ 0-1

[Event "Titled Tuesday intern op 06th Oct"]
[Site "Chess.com INT"]
[Date "2020.10.06"]
[Round "4"]
[White "Khnykin, Nikolay"]
[Black "Ferkova, Dominika"]
[Result "0-1"]
[WhiteElo "2309"]
[BlackElo "1988"]
[PlyCount "80"]
[EventDate "2020.10.06"]
[EventType "swiss (blitz)"]
[EventRounds "10"]
[EventCountry "USA"]
[SourceTitle "CBM 198 Extra"]
[Source "ChessBase"]
[SourceDate "2020.11.30"]
[SourceVersion "1"]
[SourceVersionDate "2020.11.30"]
[SourceQuality "1"]

1. e4 e5 2. Nf3 Nc6 3. Bc4 Nf6 4. 0-0 h6 5. Nc3 d6 6. d4 exd4 7. Nxd4 Be7 8. Nf5 Bxf5 9. exf5 0-0 10. Qf3 Ne5 11. Qf4 Nxc4 12. Qxc4 d5 13. Qf4 c6 14. Rd1 Re8 15. Qg3 Kh7 16. Be3 Bd6 17. f4 Qa5 18. Kh1 Bc5 19. Bd2 Qc7 20. Rf1 b5 21. Rf3 b4 22. Na4 Bd6 23. Qh4 Ne4 24. Be3 Be7 25. Qh3 Bf6 26. Rd1 d4 27. Bc1 Qe7 28. g4 Kg8 29. Rg1 Bh4 30. g5 Nf2+ 31. Rxf2 Bxf2 32. Rf1 Be3 33. Re1 hxg5 34. fxg5 Qe4+ 35. Qg2 Qxf5 36. Bxe3 dxe3 37. Qxc6 Rac8 38. Qg2 Rxc2 39. Qg1 Qf3+ 40. Qg2 Qxg2# 0-1

[Event "Titled Tuesday intern op 29th Sept"]
[Site "Chess.com INT"]
[Date "2020.09.29"]
[Round "8"]
[White "Johnson, Joel F"]
[Black "Ferkova, Dominika"]
[Result "0-1"]
[WhiteElo "2223"]
[BlackElo "1988"]
[PlyCount "84"]
[EventDate "2020.09.29"]
[EventType "swiss (blitz)"]
[EventRounds "10"]
[EventCountry "USA"]
[SourceTitle "CBM 198 Extra"]
[Source "ChessBase"]
[SourceDate "2020.11.30"]
[SourceVersion "1"]
[SourceVersionDate "2020.11.30"]
[SourceQuality "1"]

1. e4 e5 2. d4 exd4 3. Bc4 Nc6 4. Nf3 Nf6 5. e5 d5 6. Bb5 Ne4 7. Nxd4 Bd7 8. Bxc6 bxc6 9. 0-0 Bc5 10. f3 Ng5 11. f4 Ne4 12. Nc3 Nxc3 13. bxc3 Qe7 14. Be3 Bb6 15. Qd2 0-0 16. Rae1 Rae8 17. Kh1 c5 18. Ne2 Bc6 19. Ng3 f6 20. e6 f5 21. Bf2 Qf6 22. Re5 g6 23. Rfe1 Re7 24. Qe2 Rfe8 25. Nf1 Bb7 26. Nd2 c6 27. Nf3 Bc7 28. Bh4 Qg7 29. Bxe7 Bxe5 30. Qxe5 Qxe5 31. Nxe5 Rxe7 32. Nd7 c4 33. Nc5 Bc8 34. Kg1 Kg7 35. Kf2 Kf6 36. Rb1 Bxe6 37. Nxe6 Kxe6 38. Kf3 Kd6 39. g3 c5 40. h4 d4 41. Rb8 Re3+ 42. Kf2 Rxc3 0-1

[Event "Titled Tuesday intern op 29th Sept"]
[Site "Chess.com INT"]
[Date "2020.09.29"]
[Round "5"]
[White "Nascimento, Pedro Henrique Alve"]
[Black "Ferkova, Dominika"]
[Result "0-1"]
[WhiteElo "1978"]
[BlackElo "1988"]
[PlyCount "62"]
[EventDate "2020.09.29"]
[EventType "swiss (blitz)"]
[EventRounds "10"]
[EventCountry "USA"]
[SourceTitle "CBM 198 Extra"]
[Source "ChessBase"]
[SourceDate "2020.11.30"]
[SourceVersion "1"]
[SourceVersionDate "2020.11.30"]
[SourceQuality "1"]

1. d4 Nf6 2. c4 g6 3. Nc3 Bg7 4. e4 d6 5. Be2 0-0 6. Nf3 e5 7. d5 Ne8 8. Bg5 f6 9. Be3 f5 10. exf5 gxf5 11. 0-0 Nf6 12. Bg5 Qe8 13. Nd2 a6 14. f4 e4 15. Rc1 Nbd7 16. b4 Qg6 17. c5 h6 18. Bh4 dxc5 19. bxc5 Nxc5 20. Nc4 Nfd7 21. d6 cxd6 22. Nxd6 Kh8 23. Bh5 Qe6 24. Nxc8 Raxc8 25. Nd5 Nd3 26. Rxc8 Rxc8 27. Ne3 Bd4 28. Bf2 Nxf2 29. Kxf2 Qb6 30. Re1 Nf6 31. g4 Nd5 0-1

[Event "Titled Tuesday intern op 22nd Sept"]
[Site "Chess.com INT"]
[Date "2020.09.22"]
[Round "1"]
[White "Ferkova, Dominika"]
[Black "Carnicelli, Valerio"]
[Result "0-1"]
[WhiteElo "1988"]
[BlackElo "2236"]
[PlyCount "54"]
[EventDate "2020.09.22"]
[EventType "swiss (blitz)"]
[EventRounds "10"]
[EventCountry "USA"]
[SourceTitle "CBM 198 Extra"]
[Source "ChessBase"]
[SourceDate "2020.11.30"]
[SourceVersion "1"]
[SourceVersionDate "2020.11.30"]
[SourceQuality "1"]

1. d4 Nf6 2. Bf4 g6 3. Nc3 d5 4. e3 Bg7 5. h4 a6 6. h5 Nxh5 7. Rxh5 gxh5 8. Qxh5 c6 9. Nf3 Qd7 10. Ne5 Qf5 11. Qh2 Qxc2 12. e4 Qxb2 13. Rc1 Nd7 14. Nxf7 Kxf7 15. Qh5+ Kf8 16. e5 Nb6 17. Ne2 Nc4 18. Rc3 Qb1+ 19. Bc1 Qg6 20. Rf3+ Kg8 21. Qh2 Bg4 22. Nf4 Qe4+ 23. Re3 Nxe3 24. Bxe3 Qb1+ 25. Kd2 Qxf1 26. Qh4 Qd1+ 27. Kc3 Bf5 0-1

[Event "Titled Tuesday intern op 22nd Sept"]
[Site "Chess.com INT"]
[Date "2020.09.22"]
[Round "10"]
[White "Orantes Taboada, Francisco"]
[Black "Ferkova, Dominika"]
[Result "0-1"]
[WhiteElo "2244"]
[BlackElo "1988"]
[PlyCount "70"]
[EventDate "2020.09.22"]
[EventType "swiss (blitz)"]
[EventRounds "10"]
[EventCountry "USA"]
[SourceTitle "CBM 198 Extra"]
[Source "ChessBase"]
[SourceDate "2020.11.30"]
[SourceVersion "1"]
[SourceVersionDate "2020.11.30"]
[SourceQuality "1"]

1. Nf3 Nf6 2. g3 g6 3. Bg2 Bg7 4. 0-0 0-0 5. d4 d6 6. c4 a6 7. Nc3 Nc6 8. e4 e5 9. d5 Ne7 10. Ne1 Nd7 11. Nd3 f5 12. a4 h6 13. b4 Nf6 14. Bb2 Nh5 15. Rc1 f4 16. Bf3 Qe8 17. Bxh5 gxh5 18. gxf4 exf4 19. Qf3 Bg4 20. Qg2 f3 21. Qg3 Qd7 22. h4 Ng6 23. Nd1 Ne5 24. Nxe5 dxe5 25. Ne3 Rf4 26. Kh2 Kh7 27. c5 Bf6 28. Rh1 Rg8 29. c6 Qe7 30. cxb7 Bxh4 31. Qxf4 Bg5 32. Qxe5 Qf7 33. Rxc7 Bd7 34. Rxd7 Qxd7 35. Nf5 Qf7 0-1

[Event "Online Olym Div Top-B"]
[Site "Chess.com INT"]
[Date "2020.08.21"]
[Round "2.6"]
[White "Ferkova, Dominika"]
[Black "Garcia Martin, Marta"]
[Result "0-1"]
[WhiteElo "2128"]
[BlackElo "2330"]
[PlyCount "62"]
[EventDate "2020.08.21"]
[EventType "team-tourn (rapid)"]
[EventRounds "9"]
[EventCountry "USA"]
[SourceTitle "CBM 198"]
[Source "ChessBase"]
[SourceDate "2020.10.31"]
[SourceVersion "1"]
[SourceVersionDate "2020.10.31"]
[SourceQuality "1"]
[WhiteTeam "Slovakia"]
[BlackTeam "Spain"]
[WhiteTeamCountry "SVK"]
[BlackTeamCountry "ESP"]

1. d4 Nf6 2. c4 e6 3. Nc3 Bb4 4. e3 0-0 5. Bd3 d5 6. Nf3 c5 7. 0-0 Nc6 8. cxd5 exd5 9. a3 Bxc3 10. bxc3 c4 11. Be2 Ne4 12. Bb2 Na5 13. Ra2 Nb3 14. Qe1 Re8 15. Bd1 b5 16. Bc2 f6 17. Qd1 Bg4 18. Bxb3 cxb3 19. Ra1 Ng5 20. Kh1 Re4 21. h3 Bxf3 22. gxf3 Qd7 23. fxe4 Qxh3+ 24. Kg1 Nf3+ 25. Qxf3 Qxf3 26. exd5 Re8 27. Rfd1 Re4 28. Kf1 Rh4 29. Ke1 Rh1+ 30. Kd2 Qxf2+ 31. Kc1 Qc2# 0-1

[Event "Online Olym Div2 B"]
[Site "Chess.com INT"]
[Date "2020.08.16"]
[Round "9.6"]
[White "Ferkova, Dominika"]
[Black "Golsta, Ramona"]
[Result "1/2-1/2"]
[WhiteElo "2128"]
[BlackElo "1654"]
[PlyCount "67"]
[EventDate "2020.08.14"]
[EventType "team-tourn (rapid)"]
[EventRounds "9"]
[EventCountry "USA"]
[SourceTitle "CBM 198"]
[Source "ChessBase"]
[SourceDate "2020.10.31"]
[SourceVersion "1"]
[SourceVersionDate "2020.10.31"]
[SourceQuality "1"]
[WhiteTeam "Slovakia"]
[BlackTeam "Latvia"]
[WhiteTeamCountry "SVK"]
[BlackTeamCountry "LAT"]

1. d4 d5 2. c4 e6 3. Nc3 Nf6 4. Nf3 c5 5. e3 dxc4 6. Bxc4 Nc6 7. 0-0 cxd4 8. exd4 Be7 9. h3 0-0 10. Be3 a6 11. Ne5 Qc7 12. Nxc6 Qxc6 13. Be2 Rd8 14. Bf3 Qd6 15. Qc2 Rb8 16. Rfd1 b5 17. Ne2 Nd5 18. Bxd5 Qxd5 19. Qc7 Bb7 20. Nf4 Qd7 21. Qxd7 Rxd7 22. Rac1 Bd6 23. Nd3 Bd5 24. b3 Rbd8 25. Nc5 Bxc5 26. Rxc5 Kf8 27. Rdc1 Ke7 28. f3 f6 29. Kf2 Kf7 30. Rc7 Ke7 31. R7c2 Kf7 32. Rc7 Ke7 33. R7c2 Kf7 34. Rc7 1/2-1/2

[Event "Online Olym Div2 B"]
[Site "Chess.com INT"]
[Date "2020.08.16"]
[Round "8.6"]
[White "Levitan, Ronit"]
[Black "Ferkova, Dominika"]
[Result "1/2-1/2"]
[WhiteElo "1975"]
[BlackElo "2128"]
[PlyCount "63"]
[EventDate "2020.08.14"]
[EventType "team-tourn (rapid)"]
[EventRounds "9"]
[EventCountry "USA"]
[SourceTitle "CBM 198"]
[Source "ChessBase"]
[SourceDate "2020.10.31"]
[SourceVersion "1"]
[SourceVersionDate "2020.10.31"]
[SourceQuality "1"]
[WhiteTeam "Israel"]
[BlackTeam "Slovakia"]
[WhiteTeamCountry "ISR"]
[BlackTeamCountry "SVK"]

1. e4 c6 2. d4 d5 3. exd5 cxd5 4. c4 Nf6 5. Nc3 e6 6. Nf3 Bb4 7. c5 0-0 8. Bd3 b6 9. cxb6 axb6 10. 0-0 Bxc3 11. bxc3 Ba6 12. Bg5 Nbd7 13. Bxa6 Rxa6 14. Qd3 Qa8 15. Ne5 Rxa2 16. Rxa2 Qxa2 17. Nxd7 Nxd7 18. Qb5 Qa7 19. Rb1 h6 20. Be3 Rc8 21. Qb2 Ra8 22. h3 Qa3 23. Qb5 Qa4 24. Qd3 Qc6 25. Rc1 Ra3 26. Bf4 b5 27. Qg3 Kh7 28. Qd3+ Kh8 29. Qd2 Qc4 30. Bxh6 gxh6 31. Qxh6+ Kg8 32. Qg5+ 1/2-1/2

[Event "Drienica Saris op"]
[Site "Drienica"]
[Date "2020.08.09"]
[Round "3"]
[White "Harvan, Tomas"]
[Black "Ferkova, Dominika"]
[Result "1-0"]
[WhiteElo "1796"]
[BlackElo "2111"]
[PlyCount "78"]
[EventDate "2020.08.07"]
[EventType "swiss"]
[EventRounds "9"]
[EventCountry "SVK"]
[SourceTitle "CBM 197 Extra"]
[Source "ChessBase"]
[SourceDate "2020.09.30"]
[SourceVersion "1"]
[SourceVersionDate "2020.09.30"]
[SourceQuality "1"]

1. e4 c6 2. d4 d5 3. Nc3 dxe4 4. Nxe4 Bf5 5. Ng3 Bg6 6. h4 h6 7. Nf3 Nd7 8. h5 Bh7 9. Bd3 Bxd3 10. Qxd3 e6 11. Bd2 Ngf6 12. 0-0-0 Be7 13. Ne4 Nxe4 14. Qxe4 Nf6 15. Qd3 Qd5 16. c4 Qe4 17. Qb3 b6 18. Rde1 Qf5 19. Ne5 0-0 20. Nxc6 Bd6 21. f3 Nd7 22. g4 Qf6 23. Kb1 Rfc8 24. d5 a6 25. Rhf1 b5 26. Bc3 Qg5 27. dxe6 Nc5 28. exf7+ Kxf7 29. Qc2 Rxc6 30. Qe2 Qe7 31. Qc2 Qc7 32. Qf5+ Kg8 33. Qd5+ Kh8 34. g5 Bf4 35. cxb5 axb5 36. Re7 Qxe7 37. Qxc6 Qa7 38. a3 Bxg5 39. Bd4 Bf4 1-0

[Event "Drienica Saris op"]
[Site "Drienica"]
[Date "2020.08.08"]
[Round "2"]
[White "Ferkova, Dominika"]
[Black "Bujna, Martin"]
[Result "1/2-1/2"]
[WhiteElo "2111"]
[BlackElo "1841"]
[PlyCount "96"]
[EventDate "2020.08.07"]
[EventType "swiss"]
[EventRounds "9"]
[EventCountry "SVK"]
[SourceTitle "CBM 197 Extra"]
[Source "ChessBase"]
[SourceDate "2020.09.30"]
[SourceVersion "1"]
[SourceVersionDate "2020.09.30"]
[SourceQuality "1"]

1. d4 Nf6 2. c4 e6 3. Nc3 c5 4. d5 exd5 5. cxd5 d6 6. e4 a6 7. a4 g6 8. Bd3 Bg7 9. Nf3 Bg4 10. h3 Bxf3 11. Qxf3 Nbd7 12. 0-0 0-0 13. Bf4 Ne5 14. Qe3 Re8 15. Bh2 Qb6 16. Be2 Qb4 17. a5 Rad8 18. Ra4 Qb3 19. Rb1 b5 20. Bd1 Nc4 21. Qe2 Qxc3 22. bxc3 Rxe4 23. Rxc4 Rxe2 24. Bxe2 bxc4 25. Bxc4 Ne4 26. Rb6 Bxc3 27. Rxa6 Bb4 28. f3 Nd2 29. Bb5 c4 30. Bf4 Bc5+ 31. Kh2 c3 32. Rc6 Nb3 33. a6 Nd4 34. Rxc5 dxc5 35. Bc6 Nxc6 36. dxc6 c2 37. Kg3 f6 38. Kf2 Kf7 39. Ke2 Ke6 40. c7 Rc8 41. Kd2 Kd5 42. Kxc2 Kc6 43. Kc3 Kb5 44. a7 Kb6 45. Kc4 Kxa7 46. Kxc5 Kb7 47. h4 Re8 48. g4 Kc8 1/2-1/2